000 00747nam a22002177a 4500
005 20230919110750.0
010 _aHIN-126043
020 _a9789383894949
_c160.00
035 _aHN-98389
037 _bDBAD/PUB
082 _a954.16
100 _aनवल , हरीश
_956897
245 _aदिल्ली चढ़ी पहाड़ /
_cहरीश नवल
250 _a1
260 _bहिंदी बुक सेंटर
_aनई दिल्ली
_c2021
270 _a4/5-बी आसफ अली रोड
_e110002
_bनई दिल्ली
300 _a120 पृ.
_c22 सेमी (सजिल्द)
710 _956895
942 _cHN
_2ddc
_h954.16
_mनवल
999 _c198331
_d198331